000 00763nam a2200265 u 4500
001 000020481
003 DO-SdBNP
005 20150217103028.0
007 000020481
008 100809s1986 dr r 000 p spa d
040 _aBPMET
_bspa
_cBPPMET
092 _aRD861.44
_bC355e
100 1 _aCastro, Tomás,
_d1959-
245 1 0 _aEntre la espada y el espejo /
_cTomás Castro.
260 _aSanto Domingo :
_bBiblioteca Nacional ,
_c1986.
300 _a88 p. :
_bil. ;
_c21 cm.
490 1 _aOrfeo
586 _aPremio Biblioteca Nacional, 1986
650 4 _aPOESÍA DOMINICANA
650 4 _aLITERATURA DOMINICANA
830 0 _aOrfeo
942 _2ddc
_cBK
956 _aKLANTIGUA
_b10
_c20100809
_lBND01
_h1137
956 _aMGARCIA
_b10
_c20100809
_lBND01
_h1448
999 _c7421
_d7421